al-Ṭibb wa-al-taḥnīṭ fī ʻahd al-farāʻinah /

محفوظ في:

المؤلف الرئيسي: Guiart, J. (مؤلف)

مؤلفون آخرون: Reuter, Louis., Zikrī, Anṭūn.

التنسيق: كتاب

اللغة: Arabic
French

منشور في: al-Qāhirah : Maktabat Madbūlī, 2008.

الطبعة: al-Ṭabʻah 3.

سلاسل: Ṣafaḥāt min tārīkh Miṣr al-Firʻawnīyah.

الموضوعات:

الوسوم: إضافة وسم

لا توجد وسوم, كن أول من يضع وسما على هذه التسجيلة!

رقم الطلب: R135 .D4 2008

LEADER 01347nam a2200313Ia 4500
003 OSt
005 20240318123708.0
008 130303s2008 ua a 000 0 ara d
952 |0 0  |1 0  |2 lcc  |4 0  |6 R0135 D4 02008  |7 1  |9 64538  |a ARCE  |b ARCE  |d 2024-03-18  |l 0  |o R135 .D4 2008  |p 1028029  |r 2024-03-18 00:00:00  |w 2024-03-18  |y BK 
999 |c 29399  |d 29399 
040 |c ARCE Library 
041 0 |a ara  |h fre 
043 |a f-ua--- 
050 4 |a R135 .D4 2008 
100 1 |a Guiart, J.  |q (Jules),  |e author  |9 31198 
240 1 0 |a Médecine au temps des pharaons.  |l Arabic 
245 1 3 |6 880-02  |a al-Ṭibb wa-al-taḥnīṭ fī ʻahd al-farāʻinah /  |c al-ṭibb Yūlyūs Jiyār ; al-taḥnīṭ Lwīs Rītar ; taʻrīb Anṭūn Zakarī.  
250 |a al-Ṭabʻah 3. 
264 1 |a al-Qāhirah :  |b Maktabat Madbūlī,  |c 2008. 
300 |a 207 pages :  |b illustrations ;  |c 24 cm. 
490 0 |a Ṣafaḥāt min tārīkh Miṣr al-Firʻawnīyah. 
500 |a Translation of : Médecine au temps des pharaons. 
650 0 |a Embalming  |z Egypt  |x History. 
650 0 |a Mummies  |z Egypt. 
700 1 |a Reuter, Louis.  |9 38374 
700 1 |a Zikrī, Anṭūn.  |9 42693 
880 1 2 |6 245-02/(3/r  |a الطب و التحنيط في عهد الفراعنة   |c الطب يوليوس جيار ؛ التحنيط لويس ريتر ؛ تعريب أنطون زكري 
901 |a reviewed 
942 |c BK  |2 lcc